Normal view
MARC view
- Tapia Silva, Hugo
Entry Nombre Personal
001 - NUMERO DE CONTROL
- campo de control: 50800
003 - IDENTIFICADOR DE NUMERO DE CONTROL
- campo de control: UPN
005 - FECHA Y HORA DE LA ÜLTIMA TRANSACCIÓN
- campo de control: 20240305114146.0
008 - DATOS DE LONGITUD FIJA
- campo de control de longitud fija: 240111|| acz||aabn | a|a d
040 ## - FUENTE DE CATALOGACIÓN
- Agencia original de catalogación: MX-MxUPN
100 1# - ENCABEZAMIENTO - NOMBRE PERSONAL
- Nombre personal: Tapia Silva, Hugo
370 ## - LUGAR ASOCIADO
- Place of birth: Chile
371 ## - DIRECCIÓN
- Electronic mail address: hgtapia@ucm.cl
372 ## - CAMPO DE ACTIVIDAD
- Field of activity: Educación, filosofía
- Field of activity: Docencia
373 ## - GRUPO ASOCIADO
- Associated group: Universidad Católica del Maule
374 ## - OCUPACIÓN
- Occupation: Doctor en Filosofía y Letras
- Occupation: Profesor universitario
670 ## - FUENTE EN LA QUE SE LOCALIZARON DATOS
- Cita de la fuente: En recurso en línea: Calidad en la educación. No. 58 (2023):
- Información localizada: página 138 (Hugo Tapia Silva)
- Uniform Resource Identifier: https://www.calidadenlaeducacion.cl/index.php/rce/article/view/1329
902 ## - CATALOGADOR
- Catalogador: RGJD/110124
